Densely Populated Countries Minefield Quiz Stats

 Plays Quiz Updated Jul 2, 2018

Challenge
Share
Tweet
Embed
Score 0/51 Timer 10:00
22 Plays Today
Rank Country % Correct
1???
40.7%
21???
40.1%
2???
35.9%
27???
35.2%
7???
31.5%
6???
28.4%
35???
26.4%
13???
20.7%
14???
20.4%
18???
19.8%
46???
18.5%
11???
16.9%
38???
15.7%
26???
15.1%
36???
14.5%
5???
13%
39???
12.9%
24???
11.7%
31???
10.6%
20???
10.5%
23???
9.6%
28???
9.3%
44???
9.2%
50???
9.2%
42???
7.8%
3???
7.6%
Rank Country % Correct
15???
7.2%
40???
6.4%
32???
6.3%
9???
6.2%
12???
5.7%
8???
5.6%
4???
5.3%
30???
5.3%
16???
5.2%
41???
5.2%
49???
5%
33???
4.8%
29???
4.5%
37???
4.5%
47???
4.5%
17???
4.2%
34???
3.9%
22???
3.8%
45???
3.7%
10???
3.6%
48???
3.3%
25???
3%
43???
3%
19???
2.7%
MINES???
1.3%

You're not logged in!

Compare scores with friends on all Sporcle quizzes.
Join for Free
OR
Log In

You Might Also Like...

Show Comments

Extras

Top Quizzes Today


Score Distribution

Your Account Isn't Verified!

In order to create a playlist on Sporcle, you need to verify the email address you used during registration. Go to your Sporcle Settings to finish the process.

Report this User

Report this user for behavior that violates our Community Guidelines.

Details: